LIBRARY ONLINE CATALOGUE

Strategic management. (Record no. 5363)

MARC details
000 -LEADER
fixed length control field 00508cam a22001932 4500
001 - CONTROL NUMBER
control field 0000001649
005 - DATE AND TIME OF LATEST TRANSACTION
control field 20151217151823.0
008 - FIXED-LENGTH DATA ELEMENTS--GENERAL INFORMATION
fixed length control field 070320s xx 000 0 eng d
040 ## - CATALOGING SOURCE
Original cataloging agency KABU
Transcribing agency KABU
050 #0 - LIBRARY OF CONGRESS CALL NUMBER
Classification number HD30.28
Item number .A95
100 1# - MAIN ENTRY--PERSONAL NAME
Personal name Auka, Daniel O.
-- 0000150575
245 10 - TITLE STATEMENT
Title Strategic management.
300 ## - PHYSICAL DESCRIPTION
Extent 28 p.
500 ## - GENERAL NOTE
General note Internal memo / Report.
650 #0 - SUBJECT ADDED ENTRY--TOPICAL TERM
Topical term or geographic name as entry element Strategic planning.
-- 0000150576
908 ## - PUT COMMAND PARAMETER (RLIN)
Put command parameter 070320
950 ## - LOCAL HOLDINGS (RLIN)
-- 1
Holdings
Withdrawn status Lost status Source of classification or shelving scheme Not for loan Home library Current library Date acquired Total Checkouts Full call number Barcode Date last seen Price effective from Koha item type
    Library of Congress Classification   Kabarak, Main Campus Kabarak, Main Campus 17/12/2015   HD30.28 .A94 002543 17/12/2015 17/12/2015 General Collection